000 01251nam a2200277Ia 4500
999 _c40431
_d40431
001 7040
003 GE_BSU
005 20211208123028.0
008 181216s2009||||ge |||||||||||||| ||geo||
020 _a9789994069156
040 _cGE_BSU
041 _ageo
080 _a336.6(075.8) კ-17
100 _aკაკულია, რევაზ
_9751
245 _aკორპორაციის ფინანსები :
_b სახელმძღვანელო /
_cრევაზ კაკულია, ლელა ბახტაძე, გოჩა თუთბერიძე ; [რედ. იაკობ მესხია] ; თსუ.
250 _aმე-2 შევს. გამოცემა
264 _aთბილისი,
_c2009.
300 _a488 გვ.;
_b21 სმ.
504 _a ბიბლიოგრ.: გვ. 480-482
653 _aკორპორაციის ფინანსები
700 _aბახტაძე, ლელა.
_eავტორი
_913211
700 _aთუთბერიძე, გოჩა
_eავტორი
_91688
700 _aმესხია, იაკობ
_eრედაქტორი
_913212
710 _aთსუ.
_913213
942 _cBK
_2udc